EURO 2024 SQUADS (part 3) - Statistics

General Stats
  • This quiz has been taken 55 times
  • The average score is 79 of 156
Answer Stats
nat club num pos age € mln Answer % Correct
Flag of Denmark FC Barcelona 6 DF (28) 40,00 Andreas Christensen
92%
Flag of Denmark Manchester United 10 MD (32) 8,00 Christian Eriksen
92%
Flag of the Netherlands FC Liverpool 11 FW (25) 50,00 Cody Gakpo
92%
Flag of the Netherlands Inter Mediolan 22 DF (28) 24,00 Denzel Dumfries
92%
Flag of Denmark RSC Anderlecht 1 GK (37) 1,00 Kasper Schmeichel
92%
Flag of the Netherlands Manchester City 5 DF (29) 40,00 Nathan Aké
92%
Flag of Denmark Manchester United 9 FW (21) 65,00 Rasmus Højlund
92%
Flag of Denmark AS Roma 25 DF (26) 10,00 Rasmus Kristensen
92%
Flag of the Netherlands FC Liverpool 4 DF (33) 30,00 Virgil van Dijk
92%
Flag of the Netherlands Bayern Monachium 3 DF (24) 65,00 Matthijs de Ligt
90%
Flag of the Netherlands RB Leipzig 7 FW (21) 80,00 Xavi Simons
90%
Flag of Poland FC Arsenal 14 DF (24) 30,00 Jakub Kiwior
87%
Flag of Slovenia Atlético Madryt 1 GK (31) 28,00 Jan Oblak
87%
Flag of the Netherlands Bayer 04 Leverkusen 12 DF (23) 50,00 Jeremie Frimpong
87%
Flag of Poland FC Barcelona 9 FW (35) 15,00 Robert Lewandowski
87%
Flag of Serbia Al-Hilal SFC 20 MD (29) 30,00 Sergej Milinković-Savić
87%
Flag of the Netherlands Inter Mediolan 6 DF (32) 7,00 Stefan de Vrij
87%
Flag of Serbia Torino FC 23 GK (27) 5,00 Vanja Milinković-Savić
87%
Flag of the Netherlands Borussia Dortmund 18 FW (25) 40,00 Donyell Malen
85%
Flag of the Netherlands Atlético Madryt 10 FW (30) 10,00 Memphis Depay
85%
Flag of Denmark Tottenham Hotspur 23 MD (28) 18,00 Pierre-Emile Højbjerg
85%
Flag of the Netherlands FC Liverpool 26 MD (22) 35,00 Ryan Gravenberch
85%
Flag of Denmark AC Milan 4 DF (35) 1,50 Simon Kjær
85%
Flag of the Netherlands Brighton & Hove Albion 1 GK (21) 18,00 Bart Verbruggen
82%
Flag of Denmark Crystal Palace 2 DF (28) 35,00 Joachim Andersen
82%
Flag of the Netherlands Tottenham Hotspur 15 DF (23) 55,00 Micky van de Ven
82%
Flag of Denmark FC Brentford 14 FW (24) 10,00 Mikkel Damsgaard
82%
Flag of Slovenia RB Leipzig 11 FW (21) 50,00 Benjamin Šeško
79%
Flag of the Netherlands Girona FC 17 DF (34) 3,00 Daley Blind
79%
Flag of Serbia Juventus Turyn 7 FW (24) 65,00 Dušan Vlahović
79%
Flag of Austria Borussia Dortmund 9 MD (30) 20,00 Marcel Sabitzer
79%
Flag of Austria Inter Mediolan 7 FW (35) 4,00 Marko Arnautović
79%
Flag of the Netherlands AC Milan 14 MD (25) 30,00 Tijjani Reijnders
79%
Flag of Serbia Al-Hilal SFC 9 FW (29) 28,00 Aleksandar Mitrović
77%
Flag of the Netherlands Borussia Dortmund 20 DF (22) 40,00 Ian Maatsen
77%
Flag of Denmark RB Leipzig 20 FW (30) 6,00 Yussuf Yurary Poulsen
77%
Flag of Serbia Chelsea FC 12 GK (24) 20,00 Đorđe Petrović
74%
Flag of Serbia Fenerbahce 10 FW (35) 3,50 Dušan Tadić
74%
Flag of Serbia Juventus Turyn 11 FW (31) 6,50 Filip Kostić
74%
Flag of the Netherlands Al-Ettifaq FC 8 MD (33) 4,00 Georginio Wijnaldum
74%
Flag of Austria Bayern Monachium 20 MD (27) 30,00 Konrad Laimer
74%
Flag of Poland Juventus Turyn 1 GK (34) 6,00 Wojciech Szczęsny
74%
Flag of Poland FC Southampton 5 DF (28) 11,00 Jan Bednarek
72%
Flag of Denmark RSC Anderlecht 12 FW (26) 12,00 Kasper Dolberg
72%
Flag of the Netherlands FC Brentford 23 GK (31) 12,00 Mark Flekken
72%
Flag of Poland SSC Napoli 10 MD (30) 22,00 Piotr Zieliński
72%
Flag of the Netherlands PSV Eindhoven 16 MD (25) 40,00 Joey Veerman
69%
Flag of the Netherlands FC Bologna 21 FW (23) 50,00 Joshua Zirkzee
69%
Flag of Denmark FC Brentford 7 MD (28) 28,00 Mathias Jensen
69%
Flag of Denmark FC Brentford 15 MD (30) 18,00 Christian Nørgaard
67%
Flag of Serbia AC Milan 8 FW (26) 7,00 Luka Jović
67%
Flag of the Netherlands Ajax Amsterdam 25 FW (26) 18,00 Steven Bergwijn
67%
Flag of Denmark Leicester City 3 DF (31) 3,00 Jannik Vestergaard
64%
Flag of Serbia FC Fulham 22 MD (27) 10,00 Saša Lukić
64%
Flag of the Netherlands TSG 1899 Hoffenheim 9 FW (31) 6,00 Wout Weghorst
64%
Flag of the Netherlands Ajax Amsterdam 19 FW (22) 35,00 Brian Brobbey
62%
Flag of Poland Brighton & Hove Albion 8 MD (25) 10,00 Jakub Moder
62%
Flag of Denmark VfL Wolfsburg 5 DF (27) 14,00 Joakim Mæhle
62%
Flag of the Netherlands Feyenoord Rotterdam 13 GK (26) 13,00 Justin Bijlow
62%
Flag of Poland AS Roma 21 MD (22) 12,00 Nicola Zalewski
62%
Flag of Denmark Benfika Lizbona 18 DF (26) 13,00 Alexander Bah
59%
Flag of Austria RB Leipzig 19 MD (24) 18,00 Christoph Baumgartner
59%
Flag of Serbia AC Fiorentina 4 DF (26) 15,00 Nikola Milenković
59%
Flag of Serbia RCD Mallorca 1 GK (28) 10,00 Predrag Rajković
59%
Flag of Poland RC Lens 19 DF (29) 9,00 Przemysław Frankowski
59%
Flag of Denmark FC Brügge 11 FW (24) 18,00 Andreas Skov Olsen
56%
Flag of the Netherlands PSV Eindhoven 24 MD (27) 28,00 Jerdy Schouten
56%
Flag of Denmark VfL Wolfsburg 19 FW (25) 20,00 Jonas Wind
56%
Flag of Austria RC Lens 4 DF (25) 25,00 Kevin Danso
56%
Flag of Poland FC Bologna 12 GK (33) 3,50 Łukasz Skorupski
56%
Flag of Serbia Sevilla FC 6 MD (32) 3,50 Nemanja Gudelj
56%
Flag of the Netherlands Feyenoord Rotterdam 2 DF (23) 32,00 Lutsharel Geertruida
54%
Flag of Denmark 1.FC Union Berlin 22 GK (31) 4,50 Frederik Rönnow
51%
Flag of Denmark Leicester City 16 GK (23) 9,00 Mads Hermansen
51%
Flag of Denmark Sporting CP 21 MD (25) 40,00 Morten Hjulmand
51%
Flag of Denmark RSC Anderlecht 8 MD (32) 2,50 Thomas Delaney
51%
Flag of Poland OGC Nice 22 GK (24) 20,00 Marcin Bułka
49%
Flag of Serbia Red Bull Salzburg 2 DF (23) 25,00 Strahinja Pavlović
49%
Flag of Poland AEK Ateny 17 MD (29) 3,50 Damian Szymański
46%
Flag of Austria Feyenoord Rotterdam 3 DF (32) 3,50 Gernot Trauner
46%
Flag of Denmark FC Burnley 26 FW (25) 8,00 Jacob Bruun Larsen
46%
Flag of Poland Basaksehir FK 23 FW (29) 6,00 Krzysztof Piątek
46%
Flag of Austria SC Freiburg 11 FW (30) 8,00 Michael Gregoritsch
46%
Flag of Poland Fenerbahce 20 MD (25) 19,00 Sebastian Szymański
46%
Flag of Austria FC Bologna 5 DF (27) 14,00 Stefan Posch
46%
Flag of Poland Antalyaspor 16 FW (27) 6,00 Adam Buksa
44%
Flag of Austria TSG 1899 Hoffenheim 10 MD (28) 6,50 Florian Grillitsch
44%
Flag of Slovenia Udinese Calcio 6 DF (25) 10,00 Jaka Bijol
44%
Flag of Serbia Getafe CF 5 MD (29) 6,00 Nemanja Maksimović
44%
Flag of Denmark FC Bologna 17 DF (21) 15,00 Victor Kristiansen
44%
Flag of Serbia Torino FC 17 MD (23) 18,00 Ivan Ilić
41%
Flag of Denmark FC Brentford 13 DF (34) 1,00 Mathias Jørgensen
41%
Flag of Austria RB Leipzig 6 MD (23) 16,00 Nicolas Seiwald
38%
Flag of Austria 1.FSV Mainz 05 16 DF (30) 1,80 Phillipp Mwene
38%
Flag of Slovenia Panathinaikos FC 9 FW (30) 4,00 Andraž Šporar
36%
Flag of Poland Hellas Verona 7 FW (27) 5,00 Karol Świderski
36%
Flag of Austria Bröndby IF 13 GK (27) 3,00 Patrick Pentz
36%
Flag of Poland Hellas Verona 3 DF (29) 3,00 Paweł Dawidowicz
36%
Flag of Austria SC Freiburg 15 DF (27) 15,00 Philipp Lienhart
36%
Flag of Denmark RSC Anderlecht 24 FW (26) 15,00 Anders Dreyer
33%
Flag of Serbia PAOK Saloniki 14 FW (27) 8,00 Andrija Živković
33%
Flag of Poland FC Empoli 18 DF (31) 1,30 Bartosz Bereszyński
33%
Flag of Poland FC Bologna 26 MD (19) 7,00 Kacper Urbański
33%
Flag of Serbia Udinese Calcio 19 MD (22) 20,00 Lazar Samardžić
33%
Flag of Austria SV Werder Bremen 18 MD (24) 10,00 Romano Schmid
33%
Flag of Austria 1.FC Köln 17 MD (31) 2,50 Florian Kainz
31%
Flag of Poland Ludogorets Razgrad 6 MD (26) 5,00 Jakub Piotrowski
31%
Flag of Slovenia SK Sturm Graz 5 DF (28) 4,50 Jon Gorenc Stanković
31%
Flag of Poland Pogoń Szczecin 11 MD (36) 0,50 Kamil Grosicki
31%
Flag of Austria Borussia Mönchengladbach 2 DF (26) 10,00 Maximilian Wöber
31%
Flag of Poland FC Brügge 25 FW (24) 5,00 Michał Skóraś
31%
Flag of Slovenia Panathinaikos FC 22 MD (24) 3,50 Adam Gnezda Čerin
28%
Flag of Austria SK Sturm Graz 8 MD (23) 12,00 Alexander Prass
28%
Flag of Serbia Panathinaikos FC 25 DF (32) 0,90 Filip Mladenović
28%
Flag of Slovenia NK Maribor 26 MD (36) 0,30 Josip Iličić
28%
Flag of Poland FC Empoli 4 DF (24) 2,50 Sebastian Walukiewicz
28%
Flag of Austria West Bromwich Albion 24 FW (32) 0,90 Andreas Weimann
26%
Flag of Poland Lech Poznań 2 DF (33) 0,50 Bartosz Salamon
26%
Flag of Poland Atlanta United FC 24 MD (25) 5,00 Bartosz Slisz
26%
Flag of Slovenia Górnik Zabrze 13 DF (31) 0,60 Erik Janža
26%
Flag of Austria FC Sion 1 GK (33) 0,30 Heinz Lindner
26%
Flag of Serbia AEK Ateny 21 MD (29) 3,00 Mijat Gaćinović
26%
Flag of Austria VfL Wolfsburg 23 DF (23) 15,00 Patrick Wimmer
26%
Flag of Serbia Red Bull Salzburg 18 FW (20) 5,00 Petar Ratkov
26%
Flag of Poland Jagiellonia Białystok 13 MD (32) 0,50 Taras Romanczuk
26%
Flag of Poland 1.FC Kaiserslautern 15 DF (25) 2,00 Tymoteusz Puchacz
26%
Flag of Slovenia Pisa Sporting Club 17 FW (25) 2,50 Jan Mlakar
23%
Flag of Austria SK Rapid Wiedeń 14 DF (20) 5,00 Leopold Querfeld
23%
Flag of Serbia AC Sparta Praga 26 MD (26) 9,00 Veljko Birmančević
23%
Flag of Slovenia FC Girondins Bordeaux 18 FW (22) 2,50 Žan Vipotnik
23%
Flag of Austria Red Bull Salzburg 21 DF (23) 6,00 Flavius Daniliuc
21%
Flag of Slovenia Vejle Boldklub 16 GK (26) 0,25 Igor Vekič
21%
Flag of Austria SK Rapid Wiedeń 22 MD (23) 2,50 Matthias Seidl
21%
Flag of Austria TSV Hartberg 25 FW (26) 2,00 Maximilian Entrup
21%
Flag of Serbia SV Werder Bremen 13 DF (28) 4,50 Miloš Veljković
21%
Flag of Austria SK Rapid Wiedeń 12 GK (23) 2,00 Niklas Hedl
21%
Flag of Slovenia FK Bodø/Glimt 24 MD (24) 1,20 Nino Žugelj
21%
Flag of Slovenia UC Sampdoria 20 DF (28) 1,30 Petar Stojanović
21%
Flag of Slovenia NK Olimpija Ljubljana 10 MD (26) 1,50 Timi Max Elšnik
21%
Flag of Slovenia FK Sochi 21 DF (24) 2,80 Vanja Drkušić
21%
Flag of Slovenia NK Celje 2 DF (29) 1,00 Žan Karničnik
21%
Flag of Slovenia Panathinaikos FC 7 MD (30) 2,00 Benjamin Verbič
18%
Flag of Austria SK Rapid Wiedeń 26 MD (26) 4,00 Marco Grüll
18%
Flag of Slovenia Udinese Calcio 8 MD (26) 8,00 Sandi Lovrić
18%
Flag of Slovenia FC Lugano 19 FW (25) 4,50 Žan Celar
18%
Flag of Slovenia FC Südtirol 14 MD (35) 0,50 Jasmin Kurtić
15%
Flag of Slovenia Alanyaspor 3 DF (29) 1,20 Jure Balkovec
15%
Flag of Serbia FK TSC Backa Topola 3 DF (26) 2,70 Nemanja Stojić
15%
Flag of Serbia Spartak Moskwa 15 DF (28) 4,00 Srđan Babić
15%
Flag of Slovenia SK Sturm Graz 15 MD (25) 5,00 Tomi Horvat
15%
Flag of Slovenia APOEL Nikosia 12 GK (34) 0,50 Vid Belec
15%
Flag of Slovenia Orlando City SC 23 DF (25) 3,00 David Brekalo
13%
Flag of Serbia Crvena Zvezda Belgrad 16 MD (30) 2,00 Srđan Mijailović
13%
Flag of Serbia Crvena Zvezda Belgrad 24 DF (31) 1,80 Uroš Spajić
13%
Flag of Slovenia Spartak Trnava 25 MD (21) 2,00 Adrian Zeljković
8%
Flag of Slovenia Lech Poznań 4 DF (31) 0,90 Miha Blažič
8%
No matching quizzes found
Score Distribution
Percent of People with Each Score
Percentile by Number Answered
Your Score History
You have not taken this quiz